Biggest Trading Partners - Canada - Statistics

General Stats
  • This quiz has been taken 1,026 times
  • The average score is 17 of 20
Answer Stats
exports imports country % Correct
314 bil 223 bil United States
100%
12.5 bil 7.20 bil United Kingdom
99%
15.8 bil 51.4 bil China
98%
2.45 bil 5.33 bil France
98%
5.16 bil 24.4 bil Mexico
98%
2.71 bil 13.6 bil Germany
96%
7.64 bil 11.6 bil Japan
96%
1.76 bil 2.93 bil Brazil
93%
1.78 bil 5.77 bil Italy
92%
3.38 bil 3.08 bil India
91%
3.15 bil 6.16 bil South Korea
91%
1.48 bil Australia
89%
2.78 bil 2.69 bil Netherlands
83%
2.45 bil Belgium
77%
3.54 bil Switzerland
71%
4.27 bil Taiwan
68%
3.20 bil Vietnam
61%
1.46 bil Norway
60%
1.58 bil United Arab Emirates
56%
2.55 bil Peru
40%
No matching quizzes found
Score Distribution
Percent of People with Each Score
Percentile by Number Answered
Your Score History
You have not taken this quiz